Представление документа в формате MARC21

Поле Инд. ПП Название Значение
Тип записи a
Библиографический уровень m
001 Контрольный номер RU/IS/BASE/370525432
005 Дата корректировки 20220805121051.3
040 b Код языка каталог. rus
041 0_ a Код языка текста rus
080 a Индекс УДК 004.42
084 a Индекс другой классификации/Индекс ББК 32.973.26-018.2
090 a Полочн. индекс 681.3
c Каталожный индекс 681.3
x Авторский знак П22
097 b Оператор 11
100 1_ a Автор Пашкеев С. Д.
245 10 a Заглавие Основы мультипрограммирования для специализированных вычислительных систем
260 a Место издания М.
b Издательство Советское радио
c Дата издания 1972
300 a Объем 183 с.
b Иллюстрации/ тип воспроизводства черт.
510 a Примечание о ссылках Книги и методические пособия
650 a Основная рубрика 50.39 Вычислительные сети (ВС)
x Основная подрубрика 50.39.29 Типы ВС
653 a Ключевые слова программирование; вычислительные системы
901 t Тип документа m